[Event "Stay Safe Play From Home 186"]
[Site "T#646431Emanuel Laske"]
[Date "2020.05.29"]
[Round "2"]
[White "Weltszmerc"]
[Black "Tobo Rubirosa"]
[Result "1-0"]
[WhiteElo "2031"]
[BlackElo "1668"]
[Annotator "TA"]
[PlyCount "103"]
[EventDate "2020.05.29"]
[EventType "swiss (blitz)"]

{[%evp 17,103,-16,-17,-13,-16,-62,-61,-60,-73,-68,-54,-79,-56,-317,-106,-430,42,58,51,-29,-27,-35,70,74,77,75,80,51,51,51,51,23,64,65,56,51,66,66,173,95,252,252,252,252,252,252,251,83,64,74,435,425,402,420,718,704,670,756,895,871,833,584,863,505,604,594,581,551,1125,1103,1414,1176,1562,1554,1529,1527,1309,1504,1225,1304,1321,1184,29987,29988,29989,29989,29991,29990]} 1. d4 Nf6 2. c4 g6 3. Nf3 Bg7 4. g3 O-O 5. Bg2 d6 6. O-O c5 7. dxc5 dxc5 8. Qxd8 Rxd8 9. Nc3 Nc6 10. Bf4 {E65: King's Indian: Fianchetto: 6...c5 7 0-0 without d5 by White.} Be6 11. b3 Nh5 12. Rac1 {Black is slightly better.} Nxf4 13. gxf4 Rac8 {[#]} 14. e3 $146 ({Predecessor:} 14. Ne4 b6 15. Neg5 Bg4 16. h3 Bd7 17. Rfd1 f5 18. Ne5 Nd4 19. Kf1 Bxe5 20. fxe5 {0-1 (52) Mari Guasch,J (1856)-Martinez Colomar,A (1772) Ibiza 2014}) 14... b6 15. Rfd1 $2 {[%mdl 8192]} (15. Ng5 $15) 15... Rxd1+ $2 (15... Bxc3 $1 $19 16. Rxd8+ Rxd8 17. Rxc3 Rd1+ 18. Bf1 Bh3) 16. Rxd1 $4 {[%mdl 8192]} (16. Nxd1 $17 Nb4 17. a3) 16... Rd8 $2 ({Black should try} 16... Bxc3 $19 17. Ng5 Bg4) 17. Rxd8+ $1 $14 Nxd8 18. Nd5 (18. Nb5 $1 $14) 18... Kf8 19. Kf1 Nb7 ({Black should play} 19... Bf5 $15) 20. Ng5 Nd8 21. Nxh7+ Ke8 22. Ng5 Bf5 {next ...Bb1 is good for Black.} 23. e4 Bc8 24. Ke2 Ne6 25. Nxe6 Bxe6 {[%mdl 4096] Endgame KBB-KBN} 26. e5 Bf5 27. Ke3 Bb1 {[#]} (27... e6 $14) 28. Nc3 (28. Be4 $1 $18 {[%cal Re4b1]} Bxe4 29. Kxe4) 28... Bc2 $2 (28... Bf5 $16) 29. Be4 $18 Bxe4 30. Kxe4 {KB-KN} ({Weaker is} 30. Nxe4 Bf8 $16) 30... e6 31. Nb5 a6 {[#]} 32. Nc7+ $2 (32. Nd6+ $1 $18 Ke7 33. Nc8+ Kd8 34. Nxb6) 32... Kd7 $16 33. Nxa6 f6 $2 {[%mdl 8192]} (33... Kc6 $16 {is a better chance.}) 34. exf6 $18 Bxf6 35. b4 cxb4 (35... Kc6 $142 36. b5+ Kb7) 36. Nxb4 Kd6 37. Nd3 Bh4 38. f3 Bf6 39. a4 Bc3 40. Ke3 Ke7 41. Ne5 Kf6 42. Nd7+ Kf5 43. Nxb6 Ba5 44. Nd7 Bc7 {[#]} 45. Ne5 $1 g5 (45... Bxe5 46. fxe5) 46. Nd3 gxf4+ 47. Ke2 e5 48. Nc5 Bb6 49. Ne4 Bc5 50. Nxc5 {White mates.} e4 51. Nxe4 Ke5 52. h4 {Never resign too early! Accuracy: White = 61%, Black = 41%.} 1-0

[Event "Stay Safe Play From Home 186"]
[Site "T#646431Emanuel Laske"]
[Date "2020.05.29"]
[Round "2"]
[White "Archi-ak"]
[Black "Little champs"]
[Result "1-0"]
[WhiteElo "1861"]
[BlackElo "2279"]
[Annotator "RC"]
[PlyCount "125"]
[EventDate "2020.05.29"]
[EventType "swiss (blitz)"]

1. e4 {[%emt 0:00:02]} c5 {[%emt 0:00:01]} 2. Nf3 {[%emt 0:00:02]} Nc6 {[%emt 0:00:00]} 3. d4 {[%emt 0:00:01]} cxd4 {[%emt 0:00:01]} 4. Nxd4 {[%emt 0:00:00]} Qb6 {[%emt 0:00:03]} 5. Nb3 {[%emt 0:00:06]} Nf6 {[%emt 0:00:03]} 6. f3 {[%emt 0:00:04]} e6 {[%emt 0:00:01]} 7. Bd3 {[%emt 0:00:07]} d5 {[%emt 0:00:01]} 8. exd5 {[%emt 0:00:02]} Nxd5 {[%emt 0:00:02]} 9. Qe2 {[%emt 0:00:01]} a5 {[%emt 0:00:03]} 10. a4 {[%emt 0:00:05]} Be7 {[%emt 0:00:03]} 11. Bd2 {[%emt 0:00:02]} Nd4 {[%emt 0:00:03]} 12. Nxd4 {[%emt 0:00:03]} Qxd4 {[%emt 0:00:12]} 13. Nc3 {[%emt 0:00:05]} Nb4 {[%emt 0:00:09]} 14. Bb5+ {[%emt 0:00:10]} Bd7 {[%emt 0:00:02]} 15. Be3 {[%emt 0:00:09]} Nxc2+ {[%emt 0:00:03]} 16. Kf2 {[%emt 0:00:21]} Nxe3 {[%emt 0:00:09]} 17. Qxe3 {[%emt 0:00:00]} Qxe3+ {[%emt 0:00:11]} 18. Kxe3 {[%emt 0:00:00]} Bc5+ {[%emt 0:00:01]} 19. Ke2 {[%emt 0:00:01]} Rd8 {[%emt 0:00:05]} 20. Rhd1 {[%emt 0:00:04]} Bxb5+ {[%emt 0:00:03]} 21. Nxb5 {[%emt 0:00:01]} Ke7 {[%emt 0:00:00]} 22. b3 {[%emt 0:00:11]} b6 {[%emt 0:00:01]} 23. Rac1 {[%emt 0:00:02]} Rc8 {[%emt 0:00:01]} 24. h3 {[%emt 0:00:04]} Rhe8 {[%emt 0:00:02]} 25. Na7 {[%emt 0:00:04]} Rc7 {[%emt 0:00:07]} 26. Nb5 {[%emt 0:00:04]} Rb7 {[%emt 0:00:01]} 27. Rc2 {[%emt 0:00:07]} g6 {[%emt 0:00:02]} 28. Rcd2 {[%emt 0:00:02]} h5 {[%emt 0:00:01]} 29. Rc2 {[%emt 0:00:16]} Rh8 {[%emt 0:00:06]} 30. Rcd2 {[%emt 0:00:04]} h4 {[%emt 0:00:00]} 31. Rc2 {[%emt 0:00:01]} Rh5 {[%emt 0:00:01]} 32. Rcd2 {[%emt 0:00:02]} Re5+ {[%emt 0:00:02]} 33. Kf1 {[%emt 0:00:01]} g5 {[%emt 0:00:02]} 34. Re2 {[%emt 0:00:10]} Rf5 {[%emt 0:00:06]} 35. Re4 {[%emt 0:00:06]} Kf6 {[%emt 0:00:01]} 36. Ke2 {[%emt 0:00:01]} Kg6 {[%emt 0:00:01]} 37. Rd8 {[%emt 0:00:04]} Be7 {[%emt 0:00:01]} 38. Rd1 {[%emt 0:00:05]} Rc5 {[%emt 0:00:05]} 39. Red4 {[%emt 0:00:02]} Bf6 {[%emt 0:00:05]} 40. R4d3 {[%emt 0:00:05]} Rc2+ {[%emt 0:00:08]} 41. R1d2 {[%emt 0:00:00]} Rc1 {[%emt 0:00:01]} 42. Rd1 {[%emt 0:00:01]} Rc8 {[%emt 0:00:01]} 43. R1d2 {[%emt 0:00:00]} Rc5 {[%emt 0:00:05]} 44. Rd7 {[%emt 0:00:00]} Re5+ {[%emt 0:00:01]} 45. Kf2 {[%emt 0:00:01]} Rxd7 {[%emt 0:00:05]} 46. Rxd7 {[%emt 0:00:00]} Rc5 {[%emt 0:00:15]} 47. Rb7 {[%emt 0:00:00]} Rc2+ {[%emt 0:00:07]} 48. Kf1 {[%emt 0:00:01]} Rc6 {[%emt 0:00:04]} 49. Na7 {[%emt 0:00:01]} Rd6 {[%emt 0:00:03]} 50. Nc8 {[%emt 0:00:00]} Rd1+ {[%emt 0:00:02]} 51. Ke2 {[%emt 0:00:01]} Rg1 {[%emt 0:00:01]} 52. Rxb6 {[%emt 0:00:00]} Rxg2+ {[%emt 0:00:01]} 53. Ke3 {[%emt 0:00:00]} Rg3 {[%emt 0:00:01]} 54. Kd3 {[%emt 0:00:00]} Rxf3+ {[%emt 0:00:01]} 55. Kc4 {[%emt 0:00:00]} Rxh3 {[%emt 0:00:00]} 56. Kb5 {[%emt 0:00:00]} g4 {[%emt 0:00:00]} 57. Ka6 {[%emt 0:00:00]} g3 {[%emt 0:00:00]} 58. Nd6 {[%emt 0:00:00]} g2 {[%emt 0:00:01]} 59. Ne4 {[%emt 0:00:00]} g1=Q {[%emt 0:00:01]} 60. Nxf6 {[%emt 0:00:00]} Kxf6 {[%emt 0:00:01]} 61. Rxe6+ {[%emt 0:00:00]} Kxe6 {[%emt 0:00:01]} 62. Kxa5 {[%emt 0:00:00]} Rxb3 {[%emt 0:00:01]} 63. Ka6 {[%emt 0:00:01] Time (Lag: Av=0.96s, max=2.7s)} 1-0

[Event "Stay Safe Play From Home 186"]
[Site "T#646431Emanuel Laske"]
[Date "2020.05.29"]
[Round "2"]
[White "Timbre"]
[Black "Raja3652016"]
[Result "0-1"]
[WhiteElo "1696"]
[BlackElo "1397"]
[Annotator "NA RC"]
[PlyCount "130"]
[EventDate "2020.05.29"]
[EventType "swiss (blitz)"]

1. d4 {[%emt 0:00:11]} e6 {[%emt 0:00:00]} 2. Nf3 {[%emt 0:00:01]} d5 {[%emt 0:00:01]} 3. c3 {[%emt 0:00:01]} Nf6 {[%emt 0:00:01]} 4. Bf4 {[%emt 0:00:01]} Nbd7 {[%emt 0:00:01]} 5. e3 {[%emt 0:00:01]} Bd6 {[%emt 0:00:01]} 6. Bg3 {[%emt 0:00:02]} Ne4 {[%emt 0:00:02]} 7. Bd3 {[%emt 0:00:02]} Ndf6 {[%emt 0:00:01]} 8. Nbd2 {[%emt 0:00:02]} Nxd2 {[%emt 0:00:03]} 9. Qxd2 {[%emt 0:00:01]} b6 {[%emt 0:00:01]} 10. Qe2 {[%emt 0:00:01]} Bb7 {[%emt 0:00:02]} 11. Ne5 {[%emt 0:00:02]} Be7 {[%emt 0:00:02]} 12. Bb5+ {[%emt 0:00:03]} Kf8 {[%emt 0:00:04]} 13. Nc6 {[%emt 0:00:04]} Bxc6 {[%emt 0:00:02]} 14. Bxc6 {[%emt 0:00:02]} Rb8 {[%emt 0:00:00]} 15. Bb5 {[%emt 0:00:02]} Bd6 {[%emt 0:00:03]} 16. Bd3 {[%emt 0:00:05]} Bxg3 {[%emt 0:00:02]} 17. hxg3 {[%emt 0:00:02]} Qd6 {[%emt 0:00:02]} 18. e4 {[%emt 0:00:02]} dxe4 {[%emt 0:00:01]} 19. Bxe4 {[%emt 0:00:02]} Nxe4 {[%emt 0:00:01]} 20. Qxe4 {[%emt 0:00:01]} h6 {[%emt 0:00:03]} 21. O-O {[%emt 0:00:04]} c6 {[%emt 0:00:02]} 22. Rfe1 {[%emt 0:00:01]} Qd5 {[%emt 0:00:01]} 23. Qh4 {[%emt 0:00:05]} Qg5 {[%emt 0:00:03]} 24. Qe4 {[%emt 0:00:06]} Qd5 {[%emt 0:00:03]} 25. Qf4 {[%emt 0:00:01]} Rd8 {[%emt 0:00:04]} 26. Re5 {[%emt 0:00:03]} Qd6 {[%emt 0:00:03]} 27. Qf3 {[%emt 0:00:08]} g6 {[%emt 0:00:06]} 28. Rae1 {[%emt 0:00:03]} Kg7 {[%emt 0:00:02]} 29. R5e3 {[%emt 0:00:08]} Qd5 {[%emt 0:00:04]} 30. Qg4 {[%emt 0:00:04]} Qf5 {[%emt 0:00:04]} 31. Qh4 {[%emt 0:00:04]} Qg5 {[%emt 0:00:02]} 32. Qe4 {[%emt 0:00:02]} Qd5 {[%emt 0:00:03]} 33. Qc2 {[%emt 0:00:01]} Qf5 {[%emt 0:00:05]} 34. Qa4 {[%emt 0:00:03]} a5 {[%emt 0:00:04]} 35. Qxc6 {[%emt 0:00:02]} Rb8 {[%emt 0:00:07]} 36. Re5 {[%emt 0:00:04]} Qf6 {[%emt 0:00:02]} 37. Qe4 {[%emt 0:00:05]} b5 {[%emt 0:00:03]} 38. a3 {[%emt 0:00:02]} b4 {[%emt 0:00:01]} 39. axb4 {[%emt 0:00:02]} axb4 {[%emt 0:00:01]} 40. Qe3 {[%emt 0:00:05]} bxc3 {[%emt 0:00:05]} 41. bxc3 {[%emt 0:00:01]} Rhc8 {[%emt 0:00:01]} 42. d5 {[%emt 0:00:03]} exd5 {[%emt 0:00:06]} 43. Rxd5 {[%emt 0:00:05]} Qxc3 {[%emt 0:00:04]} 44. Qe2 {[%emt 0:00:06]} Qc4 {[%emt 0:00:03]} 45. Qe5+ {[%emt 0:00:04]} Kg8 {[%emt 0:00:02]} 46. Rd4 {[%emt 0:00:06]} Qc5 {[%emt 0:00:03]} 47. Qe3 {[%emt 0:00:03]} Re8 {[%emt 0:00:04]} 48. Re4 {[%emt 0:00:08]} Qxe3 {[%emt 0:00:03]} 49. R4xe3 {[%emt 0:00:02]} Rxe3 {[%emt 0:00:01]} 50. Rxe3 {[%emt 0:00:01]} Kg7 {[%emt 0:00:02]} 51. Kh2 {[%emt 0:00:01]} Rb5 {[%emt 0:00:02]} 52. g4 {[%emt 0:00:04]} Rb4 {[%emt 0:00:02]} 53. f3 {[%emt 0:00:02]} Rb2 {[%emt 0:00:02]} 54. Kg3 {[%emt 0:00:01]} Rb4 {[%emt 0:00:02]} 55. Rd3 {[%emt 0:00:01]} Rb5 {[%emt 0:00:01]} 56. Re3 {[%emt 0:00:01]} h5 {[%emt 0:00:01]} 57. Rd3 {[%emt 0:00:01]} hxg4 {[%emt 0:00:01]} 58. Kxg4 {[%emt 0:00:01]} Rb4+ {[%emt 0:00:03]} 59. Kg3 {[%emt 0:00:01]} Rb5 {[%emt 0:00:02]} 60. Kf2 {[%emt 0:00:01]} Rb2+ {[%emt 0:00:02]} 61. Kg3 {[%emt 0:00:01]} f5 {[%emt 0:00:02]} 62. Kh3 {[%emt 0:00:01]} Kf6 {[%emt 0:00:01]} 63. Kg3 {[%emt 0:00:01]} g5 {[%emt 0:00:02]} 64. Kh3 {[%emt 0:00:01]} Rb4 {[%emt 0:00:03]} 65. Kh2 {[%emt 0:00:01]} Rh4+ {[%emt 0:00:01] Time (Lag: Av=0.51s, max=1.1s)} 0-1

[Event "Stay Safe Play From Home 186"]
[Site "T#646431Emanuel Laske"]
[Date "2020.05.29"]
[Round "2"]
[White "oligodervz41"]
[Black "Patzeroglu"]
[Result "0-1"]
[WhiteElo "1512"]
[BlackElo "1921"]
[Annotator "NA RC"]
[PlyCount "78"]
[EventDate "2020.05.29"]
[EventType "swiss (blitz)"]

1. Nf3 {[%emt 0:00:05]} c5 {[%emt 0:00:00]} 2. d4 {[%emt 0:00:02]} Nf6 {[%emt 0:00:02]} 3. Bf4 {[%emt 0:00:03] oligodervz41 reconnected.} cxd4 {[%emt 0:01:13]} 4. Nxd4 {[%emt 0:00:02]} e5 {[%emt 0:00:11] oligodervz41 reconnected.} 5. Bxe5 {[%emt 0:00:04]} Qa5+ {[%emt 0:00:03]} 6. Nc3 {[%emt 0:00:23]} Qxe5 {[%emt 0:00:02]} 7. e3 {[%emt 0:00:01]} Bb4 {[%emt 0:00:04]} 8. Be2 {[%emt 0:00:06]} Bxc3+ {[%emt 0:00:05]} 9. bxc3 {[%emt 0:00:02]} Nc6 {[%emt 0:00:00]} 10. O-O {[%emt 0:00:04]} O-O {[%emt 0:00:02]} 11. Nxc6 {[%emt 0:00:08]} dxc6 {[%emt 0:00:01]} 12. Qd4 {[%emt 0:00:00]} Re8 {[%emt 0:00:04]} 13. Rad1 {[%emt 0:00:03]} Bf5 {[%emt 0:00:02]} 14. Bc4 {[%emt 0:00:09]} Bxc2 {[%emt 0:00:04]} 15. Rd2 {[%emt 0:00:02]} Bg6 {[%emt 0:00:01]} 16. a4 {[%emt 0:00:15]} h5 {[%emt 0:00:01] oligodervz41 reconnected.} 17. a5 {[%emt 0:00:04]} Qxa5 {[%emt 0:00:03]} 18. Rfd1 {[%emt 0:00:04]} Qe5 {[%emt 0:00:02]} 19. Bd3 {[%emt 0:00:05]} Qxd4 {[%emt 0:00:03]} 20. cxd4 {[%emt 0:00:04]} Bxd3 {[%emt 0:00:00]} 21. Rxd3 {[%emt 0:00:01]} a5 {[%emt 0:00:02]} 22. Rb1 {[%emt 0:00:02]} b5 {[%emt 0:00:02]} 23. Rc3 {[%emt 0:00:01]} Ra6 {[%emt 0:00:01]} 24. Kf1 {[%emt 0:00:11]} a4 {[%emt 0:00:01]} 25. Ke2 {[%emt 0:00:03]} a3 {[%emt 0:00:03]} 26. f3 {[%emt 0:00:02]} Nd5 {[%emt 0:00:01]} 27. Rcb3 {[%emt 0:00:06]} a2 {[%emt 0:00:00]} 28. Ra1 {[%emt 0:00:02]} b4 {[%emt 0:00:06]} 29. g3 {[%emt 0:00:01]} Rxe3+ {[%emt 0:00:03]} 30. Rxe3 {[%emt 0:00:03]} Nxe3 {[%emt 0:00:00]} 31. Kxe3 {[%emt 0:00:01]} b3 {[%emt 0:00:00]} 32. Kd3 {[%emt 0:00:04]} b2 {[%emt 0:00:00]} 33. Rxa2 {[%emt 0:00:01]} b1=Q+ {[%emt 0:00:03]} 34. Rc2 {[%emt 0:00:03]} Ra2 {[%emt 0:00:00]} 35. Kc3 {[%emt 0:00:05]} Rxc2+ {[%emt 0:00:00]} 36. Kd3 {[%emt 0:00:13]} Qd1+ {[%emt 0:00:00]} 37. Ke4 {[%emt 0:00:01]} Re2+ {[%emt 0:00:00]} 38. Kf4 {[%emt 0:00:01]} Qxd4+ {[%emt 0:00:00]} 39. Kg5 {[%emt 0:00:01]} Re5# {[%emt 0:00:00] (Lag: Av=1.49s, max=3.5s)} 0-1

[Event "Stay Safe Play From Home 186"]
[Site "T#646431Emanuel Laske"]
[Date "2020.05.29"]
[Round "3"]
[White "Haris kollari 13"]
[Black "Weltszmerc"]
[Result "0-1"]
[WhiteElo "1907"]
[BlackElo "2034"]
[Annotator "NA RC"]
[PlyCount "64"]
[EventDate "2020.05.29"]
[EventType "swiss (blitz)"]

1. e4 {[%emt 0:00:01]} Nf6 {[%emt 0:00:01]} 2. e5 {[%emt 0:00:03]} Nd5 {[%emt 0:00:01]} 3. c4 {[%emt 0:00:01]} Nb6 {[%emt 0:00:01]} 4. d4 {[%emt 0:00:01]} d6 {[%emt 0:00:01]} 5. f4 {[%emt 0:00:00]} Bf5 {[%emt 0:00:02]} 6. Nf3 {[%emt 0:00:02]} dxe5 {[%emt 0:00:01]} 7. fxe5 {[%emt 0:00:01]} e6 {[%emt 0:00:01]} 8. Nc3 {[%emt 0:00:02]} Be7 {[%emt 0:00:01]} 9. Be3 {[%emt 0:00:06]} f6 {[%emt 0:00:01]} 10. exf6 {[%emt 0:00:02]} Bxf6 {[%emt 0:00:01]} 11. Be2 {[%emt 0:00:01]} O-O {[%emt 0:00:01]} 12. O-O {[%emt 0:00:01]} Nc6 {[%emt 0:00:01]} 13. Qd2 {[%emt 0:00:04]} h6 {[%emt 0:00:01]} 14. Rad1 {[%emt 0:00:02]} Qe7 {[%emt 0:00:01]} 15. a3 {[%emt 0:00:03]} Rad8 {[%emt 0:00:04]} 16. b4 {[%emt 0:00:04]} Ne5 {[%emt 0:00:04]} 17. Nxe5 {[%emt 0:00:13]} Bxe5 {[%emt 0:00:00]} 18. Bf3 {[%emt 0:00:20]} Nxc4 {[%emt 0:00:07]} 19. Qe2 {[%emt 0:00:01]} Nxe3 {[%emt 0:00:06]} 20. Qxe3 {[%emt 0:00:01]} Bd6 {[%emt 0:00:11]} 21. Bxb7 {[%emt 0:00:08]} a5 {[%emt 0:00:12]} 22. bxa5 {[%emt 0:00:06]} c5 {[%emt 0:00:05]} 23. d5 {[%emt 0:00:09]} Qxb7 {[%emt 0:00:07]} 24. dxe6 {[%emt 0:00:03]} Qe7 {[%emt 0:00:17]} 25. Rfe1 {[%emt 0:00:13]} Rfe8 {[%emt 0:00:41]} 26. a6 {[%emt 0:00:21]} Qxe6 {[%emt 0:00:04]} 27. Qf2 {[%emt 0:00:02]} Qd7 {[%emt 0:00:08]} 28. Rxe8+ {[%emt 0:00:04]} Rxe8 {[%emt 0:00:00]} 29. Qxc5 {[%emt 0:00:04]} Bxc5+ {[%emt 0:00:02]} 30. Kf1 {[%emt 0:00:04]} Bd3+ {[%emt 0:00:01]} 31. Rxd3 {[%emt 0:00:07]} Qxd3+ {[%emt 0:00:00]} 32. Ne2 {[%emt 0:00:04]} Qxe2# {[%emt 0:00:01] (Lag: Av=0.87s, max=7.3s)} 0-1

[Event "Stay Safe Play From Home 186"]
[Site "T#646431Emanuel Laske"]
[Date "2020.05.29"]
[Round "3"]
[White "Archi-ak"]
[Black "Lamborghini"]
[Result "0-1"]
[WhiteElo "1893"]
[BlackElo "2199"]
[Annotator "TA"]
[PlyCount "82"]
[EventDate "2020.05.29"]
[EventType "swiss (blitz)"]

{[%evp 17,81,0,8,-11,-14,-14,-10,-38,-44,-41,-85,-82,-80,-86,-31,-72,-46,-43,-41,-44,-43,-37,-38,-37,-33,-33,-28,-36,-29,-41,-35,-56,-46,-60,-52,-62,-43,-68,-48,-55,-68,-62,-41,-75,-76,-76,-75,-104,-76,-112,-108,-108,-108,-101,-108,-101,-101,-101,-101,-86,-83,-81,-22,-152,-149,-29999]} 1. e4 c5 2. Nf3 d6 3. d4 cxd4 4. Nxd4 Nf6 5. Nc3 g6 6. Be3 Bg7 7. f3 O-O 8. Qd2 Nc6 9. Be2 d5 $1 10. Nxd5 {B76: Sicilian Dragon: Yugoslav Attack, 9 g4 and 9 0-0-0.} (10. O-O-O {seems wilder.} dxe4 11. Nxc6 Qxd2+ 12. Rxd2 bxc6 13. Nxe4 Nd5 14. Bc5) 10... Nxd5 11. exd5 Qxd5 {[%cal Rc6d4]} 12. c3 {The position is equal.} (12. c4 {is interesting.} Qd8 13. Nxc6 bxc6 14. Rd1 Qxd2+ 15. Rxd2 Be6 16. Kf2) 12... Nxd4 13. Bxd4 Bxd4 14. Qxd4 Qxd4 15. cxd4 Be6 ({Better is} 15... Rd8 $17) 16. O-O Rfd8 17. Rfd1 $1 Rac8 18. Rd2 {[#]} Bd5 $146 ({Predecessor:} 18... Rc7 19. b3 Bd5 20. h3 Kg7 21. Kh2 a6 22. Kg3 g5 23. h4 gxh4+ 24. Kxh4 Rcd7 {½-½ (35) De los Reyes,M-Ulaneo,N Paysandu 2005}) 19. a3 Rc7 20. Kf2 Rdc8 21. Rad1 Kf8 22. Ke3 e6 23. Bb5 Ke7 24. g3 g5 25. Bd3 h6 26. Be4 Kd6 27. f4 Bb3 28. Rf1 f5 29. Bd3 Rc1 30. fxg5 hxg5 31. Rxc1 Rxc1 $15 {[%mdl 4096] Endgame KRB-KRB} 32. Be2 Bd5 33. Bf3 Bxf3 34. Kxf3 $17 {KR-KR} Kd5 35. h4 gxh4 36. gxh4 Rh1 37. Kg3 Rg1+ 38. Kh3 f4 39. h5 {Black should prevent Rg2.} Ke4 (39... f3 $17 {White must now prevent ...Ke4.} 40. Rh2 b6) 40. Re2+ (40. Rg2 $1 $11 Rc1 41. Kh2) 40... Kf3 41. Rxe6 $2 {[%mdl 8192] [#]} (41. Rc2 $17) 41... Rh1# {Accuracy: White = 57%, Black = 82%.} 0-1

[Event "Stay Safe Play From Home 186"]
[Site "T#646431Emanuel Laske"]
[Date "2020.05.29"]
[Round "3"]
[White "Tunca"]
[Black "Patzeroglu"]
[Result "0-1"]
[WhiteElo "1703"]
[BlackElo "1924"]
[Annotator "TA"]
[PlyCount "76"]
[EventDate "2020.05.29"]
[EventType "swiss (blitz)"]

{[%evp 12,76,37,27,41,41,53,40,55,-10,0,-17,-9,-24,-6,-21,77,-6,0,-66,-54,-60,-11,-27,0,0,0,0,0,0,0,0,0,-131,-129,-219,-105,-95,-102,-101,-120,-127,-113,-182,-52,-58,-54,-117,-110,-247,-44,-293,-267,-368,-279,-264,-266,-508,-410,-558,-550,-1024,-985,-1820,-1840,-29986,-29986]} 1. e4 c5 2. Nf3 Nf6 3. Nc3 d5 4. exd5 Nxd5 5. d4 Nxc3 6. bxc3 e6 {6...g6 is the fancy move.} 7. Bd3 Nc6 {B02: Alekhine's Defence: Chase Variation and lines with early Nc3.} 8. O-O Be7 9. Rb1 O-O {[#] White is slightly better.} 10. Bd2 $146 (10. Re1 $14) ({Predecessor:} 10. Qe2 b6 11. Qe4 {1-0 (11) Sanchez,J (2533)-Mosca,L (2113) Padova 2012}) 10... cxd4 $11 11. cxd4 Nxd4 12. Bc3 Nxf3+ 13. Qxf3 Bf6 (13... Qc7 $11) 14. Qh3 ({White should try} 14. Rfd1 $16 Bd7 15. Bb4 (15. Rxb7 Bxc3 16. Bxh7+ Kxh7 $14)) 14... g6 15. Bb4 (15. Rfd1 $11 e5 16. Qf3) 15... Be7 $1 $15 16. Bd2 b6 17. Be4 Ba6 18. Rfd1 Rc8 {[#] And now ...Be2 would win.} 19. Bh6 Qc7 20. Bxf8 Bxf8 21. Qe3 Bc4 22. Qd4 (22. a4 $11 {remains equal.}) 22... Bxa2 $17 23. Ra1 (23. Rb5 $17) 23... Bc4 (23... Bg7 $19 {has better winning chances.} 24. Qa4 Bxa1 25. Rxa1 Bd5 26. Bxd5 exd5 27. Qxa7 Qxc2) 24. Qd7 a5 25. Qxc7 Rxc7 26. Rd8 Kg7 27. Rad1 {[#]} (27. Bd3 $17) 27... Bd5 (27... a4 $1 $19 {Strongly threatening ...a3.} 28. Ra1 Ra7) 28. Bxd5 $15 exd5 {[%mdl 4096] Endgame KRR-KRB} 29. Rd2 (29. R8xd5 $15 Rxc2 30. Kf1) 29... Bb4 $17 30. Re2 (30. R2xd5 $17 a4 31. Rd4 Rxc2 32. g4) 30... Rc5 $2 (30... a4 $19 {aiming for ...a3.} 31. Ra8 a3) 31. Rd7 $2 ({Better is} 31. Rb8 $15) 31... a4 $19 32. g3 Ra5 33. c3 Bxc3 34. Ree7 $2 (34. Kf1) 34... Kf6 35. Rxf7+ Ke5 36. f4+ Kd4 37. Rf8 a3 {[%cal Ba4a3,Ba3a2][%mdl 32]} 38. Rfd8 a2 {Accuracy: White = 31%, Black = 61%.} 0-1

[Event "Stay Safe Play From Home 186"]
[Site "T#646431Emanuel Laske"]
[Date "2020.05.29"]
[Round "3"]
[White "Timbre"]
[Black "oligodervz41"]
[Result "1-0"]
[WhiteElo "1668"]
[BlackElo "1507"]
[Annotator "NA RC"]
[PlyCount "91"]
[EventDate "2020.05.29"]
[EventType "swiss (blitz)"]

1. d4 {[%emt 0:00:02]} Nf6 {[%emt 0:00:05]} 2. Nf3 {[%emt 0:00:01]} d5 {[%emt 0:00:01]} 3. c3 {[%emt 0:00:01]} Bf5 {[%emt 0:00:05]} 4. Bf4 {[%emt 0:00:01]} e6 {[%emt 0:00:02]} 5. e3 {[%emt 0:00:01]} c5 {[%emt 0:00:01]} 6. Bd3 {[%emt 0:00:02]} Bd6 {[%emt 0:00:03]} 7. Bxf5 {[%emt 0:00:02]} exf5 {[%emt 0:00:06]} 8. Bxd6 {[%emt 0:00:04]} Qxd6 {[%emt 0:00:01]} 9. Ne5 {[%emt 0:00:01]} cxd4 {[%emt 0:00:07]} 10. exd4 {[%emt 0:00:02]} Nc6 {[%emt 0:00:01]} 11. f4 {[%emt 0:00:04]} O-O {[%emt 0:00:03]} 12. O-O {[%emt 0:00:01]} Ne4 {[%emt 0:00:04]} 13. Qc2 {[%emt 0:00:06]} f6 {[%emt 0:00:02]} 14. Nxc6 {[%emt 0:00:07]} bxc6 {[%emt 0:00:02]} 15. Nd2 {[%emt 0:00:01]} Rfe8 {[%emt 0:00:07]} 16. Nf3 {[%emt 0:00:03]} Qxf4 {[%emt 0:00:19]} 17. Rad1 {[%emt 0:00:09] oligodervz41 reconnected.} Qe3+ {[%emt 0:00:04]} 18. Kh1 {[%emt 0:00:03]} Qh6 {[%emt 0:00:05]} 19. Kg1 {[%emt 0:00:09] oligodervz41 reconnected.} Re7 {[%emt 0:00:10]} 20. c4 {[%emt 0:00:02]} Rae8 {[%emt 0:00:04]} 21. cxd5 {[%emt 0:00:02]} cxd5 {[%emt 0:00:02]} 22. Qb3 {[%emt 0:00:03]} Rd7 {[%emt 0:00:25]} 23. Qb5 {[%emt 0:00:04] oligodervz41 reconnected.} Red8 {[%emt 0:00:03]} 24. a3 {[%emt 0:00:04]} Qe3+ {[%emt 0:00:02]} 25. Kh1 {[%emt 0:00:03]} Nf2+ {[%emt 0:00:00]} 26. Rxf2 {[%emt 0:00:06]} Qxf2 {[%emt 0:00:02]} 27. Rg1 {[%emt 0:00:04]} Rd6 {[%emt 0:00:05]} 28. h3 {[%emt 0:00:05]} Rb6 {[%emt 0:00:01]} 29. Qa5 {[%emt 0:00:04]} Rxb2 {[%emt 0:00:04]} 30. Qxd8+ {[%emt 0:00:03]} Kf7 {[%emt 0:00:03]} 31. Qxd5+ {[%emt 0:00:02]} Kg6 {[%emt 0:00:02]} 32. Qd8 {[%emt 0:00:13]} h5 {[%emt 0:00:03]} 33. Qe8+ {[%emt 0:00:02]} Kh6 {[%emt 0:00:02]} 34. Qe7 {[%emt 0:00:04]} a5 {[%emt 0:00:03]} 35. Qe6 {[%emt 0:00:02]} Qc2 {[%emt 0:00:05]} 36. d5 {[%emt 0:00:03]} Qe4 {[%emt 0:00:04]} 37. d6 {[%emt 0:00:03]} Qxe6 {[%emt 0:00:03]} 38. Nd4 {[%emt 0:00:02]} Qd5 {[%emt 0:00:02]} 39. Rd1 {[%emt 0:00:06]} Qxd6 {[%emt 0:00:04]} 40. Nxf5+ {[%emt 0:00:02]} Kg5 {[%emt 0:00:02]} 41. Nxd6 {[%emt 0:00:01]} Rb3 {[%emt 0:00:03]} 42. Ne4+ {[%emt 0:00:02]} Kf4 {[%emt 0:00:02]} 43. Nc5 {[%emt 0:00:01]} Rxa3 {[%emt 0:00:02]} 44. Rc1 {[%emt 0:00:03]} Kg3 {[%emt 0:00:03]} 45. Ne4+ {[%emt 0:00:03]} Kf4 {[%emt 0:00:02] '} 46. Nd2 {[%emt 0:00:01] Time} 1-0